000 00290nam a22001217a 4500
008 190227b xxu||||| |||| 00| 0 eng d
041 _aeng
080 _a540
100 _a12
101 _aKIM
245 _aMolecular Orbital theory for organic chemists
_cStreitwieser,A
942 _2udc
_cBK
999 _c54326
_d54326